01707agaaa2200337 45000010005000000030009000050050017000140070009000310080040000400400023000800410013001031000053001161300031001692450112002002500022003122600104003343000033004385080134004715200042006055380016006475460013006636500082006767000069007587000063008277000065008907000071009557000072010269420012010989990019011109520240011299651IT-RoPAU20220918181238.0d cvaizq50131s9999||||xx ||| | || ||und|| aIT-RoPAUcIT-RoPAU aITALIANO aTreves GiorgiogCodice regista SPICS: 353943992 aSANTI DI TORINO (I)943993 aSANTI DI TORINO (I)cDiretto da: Treves GiorgiopSANTI DI TORINO (I) (Rif. Codice opera principale : B9651) aEdizione Standard aROMA (ITALIA)bRAI - RADIO TELEVISIONE ITALIANA / g"1993 (1° ed.: 1993 ; Ed. Lingua Orig.: 1993)" aVHSbsonoro, col.c60 minuti a"Fotografia: Pancaldi Giancarlo; Montaggio: Gianoglio Giorgio; Musica: Macchi Egisto; Soggetto: Gregoretti Ugo -- Treves Giorgio" aVIAGGIO TRA I SANTI DI TORINO. MIXER. aPAL, STEREO aITALIANO aDOCUMENTARIOeTV-PROGRAMMI RELIGIOSI [VHS]xCodice MATERIA SPICS: 9963936814 aGregoretti Ugo e(soggetto)gCodice Soggetto SPICS: 11174943994 aMacchi Egistoe(musica)gCodice Musica SPICS: 14356943995 aTreves Giorgio e(regista)gCodice regista SPICS: 353943996 aTreves Giorgio e(soggetto)gCodice Soggetto 2° SPICS: 353943997 aTreves Giorgioe(regista)gCodice secondo regista SPICS: 353943998 cVH2ddc c105901d105901 0010406B_9651_00000000000000071aSPICSbSPICSd2015-01-31l0oB9651r2015-01-31 00:00:00w2015-01-31yVHzProgr. Ins.: 289 / N.Vol.:1 / Copie: 1 / Pag.:0 / Copia rara: n.d. / date import: 1.2.2015 / By Epidotti, Trombetti, Vaglietti